Executive's guide to E-business : from tactics to strategy.
| Other Authors: | , , , |
|---|---|
| Format: | Book |
| Published: |
New York:
John Wiley & Sons,
1999.
|
| Subjects: |
| LEADER | 00540cam a2200181 7i4500 | ||
|---|---|---|---|
| 001 | 0000008683 | ||
| 005 | 20010206090000.0 | ||
| 020 | 0 | 0 | |a 0471376396 |
| 090 | 0 | 0 | |a B 658.8002854678 |b EXE |
| 245 | 0 | 0 | |a Executive's guide to E-business : |b from tactics to strategy. |
| 260 | 0 | 0 | |a New York: |b John Wiley & Sons, |c 1999. |
| 300 | # | # | |a 272 p. |
| 650 | 0 | 0 | |a Electronic commerce |
| 700 | 1 | 1 | |a Deise, |h Martin V |
| 700 | 1 | 1 | |a Nowikow, |h Conrad |
| 700 | 1 | 1 | |a King, |h Patrick |
| 700 | 1 | 1 | |a Wright, |h Amy |
| 999 | |a B000011902 |b Book |c Book |e Business Information Centre | ||


